|
|
|
|
| LEADER |
00000cam a2200000 a 4500 |
| 001 |
vtls001322435 |
| 003 |
SK-MaSNL |
| 005 |
20260301005448.0 |
| 008 |
250225s1990 xr o fr 000 0 cze |
| 015 |
|
|
|a SNBA1990/06
|
| 020 |
|
|
|q (brožované)
|
| 035 |
|
|
|a SNK000275115
|
| 035 |
|
|
|a urn:nbn:sk:snk-amlquh
|
| 035 |
|
|
|a urn:nbn:sk:snk-am00c14l
|
| 035 |
|
|
|a 3B57B34D-28EB-4D5C-B9DE-A6B8162A0B8B
|
| 040 |
|
|
|a SNK
|b slo
|c SNK
|e AACR2
|
| 041 |
0 |
|
|a cze
|
| 044 |
|
|
|a xr
|c CZ
|
| 072 |
|
7 |
|a 94(437)
|x Dejiny Československa
|2 konspekt
|
| 080 |
|
|
|a 94(437)
|2 2011
|
| 080 |
|
|
|a 94(437)"1989"
|2 2011
|
| 100 |
1 |
|
|a Černý, Jiří,
|d 1936-2023
|4 aut
|9 193600
|
| 245 |
1 |
0 |
|a Konec normalizace
|b obrazový magazín Lidových novin
|c napsal Jiří Černý ; sestavil Lukáš Kliment
|
| 260 |
|
|
|a Praha
|b Lidové noviny
|c 1990
|
| 300 |
|
|
|a [60] nečíslovaných strán
|b fotografie (niektoré farebné)
|c 30 cm
|
| 500 |
|
|
|a Názov z obalu
|
| 648 |
|
7 |
|a 1989
|2 SNKPH
|9 276934
|
| 650 |
0 |
7 |
|a Nežná revolúcia (1989 : Československo)
|2 SNKPH
|9 176560
|
| 651 |
|
7 |
|a Československo
|x dejiny
|2 SNKPHgeo
|9 161432
|
| 655 |
|
7 |
|a fotografické publikácie
|2 SNKPH
|9 70483
|
| 655 |
|
7 |
|a monografie
|2 SNKPH
|9 70139
|
| 700 |
1 |
|
|a Kliment, Lukáš,
|d 1958-
|4 com
|9 112461
|
| 852 |
|
|
|a Slovenská národná knižnica
|
| 954 |
|
|
|a odborná, vedecká literatúra cudzojazyčná (svetová)
|2 lita
|
| 954 |
|
|
|a obrazové publikácie zamerané na výtvarné umenie a fotografiu cudzojazyčné (svetové)
|2 lita
|
| 958 |
|
|
|a EUIPO
|
| 958 |
|
|
|a RK
|
| 958 |
|
|
|a TL
|
| 958 |
|
|
|a CZ
|
| 958 |
|
|
|a OND
|
| 958 |
|
|
|a SP
|
| 999 |
|
|
|c 545243
|d 547173
|
| 952 |
|
|
|a SNK
|b SNK
|y PREZ
|7 0
|p 17A0860708
|o snkSB 46428
|i snkKIP 3867/90
|0 0
|1 0
|4 0
|d 1998-02-26
|f 1
|l 0
|r 2025-01-31 00:00:00
|w 2026-02-23
|
| 952 |
|
|
|a SNK
|b SNK
|y VYP
|7 0
|p 17A0129145
|o snkSB 46428 D1
|i snkKIP 3868/90
|0 0
|1 0
|4 0
|d 1998-02-26
|l 0
|r 2005-01-02 00:00:00
|w 2026-02-23
|